logo

Bir Sreshtho Munshi Abdur Rouf Library
Jhenaidah Cadet College

The United States and India and Pakistan / (Record no. 4672)

MARC details
000 -LEADER
fixed length control field 01309cam a2200373 4500
001 - CONTROL NUMBER
JCCL Control Number 4672
003 - CONTROL NUMBER IDENTIFIER
JCCL marc code BD-JhCC
005 - DATE AND TIME OF LATEST TRANSACTION
control field 20171129182155.0
008 - FIXED-LENGTH DATA ELEMENTS--GENERAL INFORMATION
fixed length control field 701217s19631967maub b 001 0 eng
035 ## - SYSTEM CONTROL NUMBER
system control number (BD-JhCC)4672
040 ## - CATALOGING SOURCE
Original cataloging agency DLC
Transcribing agency DLC
Modifying agency m.c.
-- BD-JhCC
041 ## - LANGUAGE CODE
Language code of Book eng
050 00 - LIBRARY OF CONGRESS CALL NUMBER
Classification number DS480.84
Item number .B73 1963
082 ## - DEWEY DECIMAL CLASSIFICATION NUMBER
Classification number 954
Author mark and Year BRO 1967
090 ## - LOCALLY ASSIGNED LC-TYPE CALL NUMBER (OCLC); LOCAL CALL NUMBER (OCLC)
Classification number (OCLC) (R) ; Classification number, CALL (RLIN) (NR) DS480.84
Local cutter number (OCLC) ; Book number/undivided call number, CALL (RLIN) .B881 1963
099 ## - LOCAL FREE-TEXT CALL NUMBER
Classification number DS480.84.B881 1963
100 1# - MAIN ENTRY--PERSONAL NAME
Personal name Brown, W. Norman
Fuller form of name (William Norman),
Dates associated with a name 1892-1975.
245 14 - TITLE STATEMENT
Title The United States and India and Pakistan /
Statement of responsibility, etc W. Norman Brown
250 ## - EDITION STATEMENT
Edition statement Rev. and enl. ed.
260 ## - PUBLICATION, DISTRIBUTION, ETC. (IMPRINT)
Place of publication, distribution, etc Cambridge :
Name of publisher, distributor, etc Harvard University Press,
Date of publication, distribution, etc 1967.
300 ## - PHYSICAL DESCRIPTION
Pagination x, 444 p.
Other physical details maps (part col.)
Dimensions 20 cm.
490 1# - SERIES STATEMENT
Series statement American foreign policy library
500 ## - GENERAL NOTE
General note Third ed. published in 1972 under title: The United States and India, Pakistan, Bangladesh.
504 ## - BIBLIOGRAPHY, ETC. NOTE
Bibliography, etc Bibliography: p. [403]-418.
650 ## - SUBJECT ADDED ENTRY--TOPICAL TERM
Topical term or geographic name as entry element Diplomatic Relation
651 #0 - SUBJECT ADDED ENTRY--GEOGRAPHIC NAME
Geographic name India
General subdivision Politics and government
Chronological subdivision 1947-
651 #0 - SUBJECT ADDED ENTRY--GEOGRAPHIC NAME
Geographic name Pakistan
General subdivision Politics and government.
651 #0 - SUBJECT ADDED ENTRY--GEOGRAPHIC NAME
Geographic name United States
General subdivision Foreign relations
Geographic subdivision India.
651 #0 - SUBJECT ADDED ENTRY--GEOGRAPHIC NAME
Geographic name India
General subdivision Foreign relations
Geographic subdivision United States.
830 #0 - SERIES ADDED ENTRY--UNIFORM TITLE
Uniform title American foreign policy library.
942 ## - ADDED ENTRY ELEMENTS (KOHA)
Source of classification or shelving scheme Dewey Decimal Classification
Koha item type Books
949 ## - LOCAL PROCESSING INFORMATION (OCLC)
a MYGD
b 39080004416381
Holdings
Source of classification or shelving scheme Damaged status Not for loan Home library Current library Shelving location Date of accession Total Checkouts Full call number Barcode Date last seen Koha item type
Dewey Decimal Classification     JCC Rouf Library JCC Rouf Library General Stacks 11/29/2017   954 BRO 1967 6525 11/29/2017 Books

JCC Library | Contacts | JCC Home

Last Update on 23 September 2017
Copyright @ 2017-2020 JCC Rouf Library
Rouf Library, Jhenidah Cadet College (JCC), Bangladesh